Chinese Cities by Satellite View #2 - Statistics

General Stats
  • This quiz has been taken 7 times
  • The average score is 6 of 11
Answer Stats
Picture Answer % Correct
Tianjin
86%
Chongqing
71%
Haikou
71%
Lhasa/ Lasa
71%
Chengdu
57%
Guangzhou
57%
Kunming
43%
Macau/ Aomen
43%
Urumqi/ Wulumuqi
43%
Dali
29%
Linzhi/ Nyingchi
29%
No matching quizzes found
Score Distribution
Percent of People with Each Score
Percentile by Number Answered
Your Score History
You have not taken this quiz